[Event "Hamburg CC Easter op 4th"]
[Site "Hamburg"]
[Date "2018.03.30"]
[Round "2"]
[White "Schwarzkopf, Joerg"]
[Black "Majidi, Habibullah"]
[Result "1-0"]
[WhiteElo "1845"]
[BlackElo "1591"]
[PlyCount "55"]
[EventDate "2018.03.30"]
[EventType "swiss"]
[EventRounds "7"]
[EventCountry "GER"]
[SourceTitle "CBM 183 Extra"]
[Source "ChessBase"]
[SourceDate "2018.04.19"]
[SourceVersion "1"]
[SourceVersionDate "2018.04.19"]
[SourceQuality "1"]

1. e4 e5 2. f4 d6 3. Nf3 Nc6 4. Bc4 Nf6 5. Nc3 Be6 6. Bxe6 fxe6 7. fxe5 dxe5 8. 0-0 Bc5+ 9. Kh1 0-0 10. d3 Ng4 11. Bg5 Qd7 12. Qe2 h6 13. Bh4 g5 14. Bg3 Ne3 15. Bf2 Nxf1 16. Bxc5 Rf6 17. Rxf1 b6 18. Ba3 Qf7 19. Kg1 Nd4 20. Nxd4 exd4 21. Rxf6 Qxf6 22. Nb1 c5 23. Qf3 Qxf3 24. gxf3 Kf7 25. Nd2 Kf6 26. b3 Ke5 27. Nc4+ Kf4 28. Kf2 1-0

[Event "Hamburg CC Easter op 3rd"]
[Site "Hamburg"]
[Date "2017.04.16"]
[Round "6"]
[White "Tscherepanov, Leon"]
[Black "Majidi, Habibullah"]
[Result "1/2-1/2"]
[WhiteElo "1809"]
[BlackElo "1536"]
[PlyCount "47"]
[EventDate "2017.04.14"]
[EventType "swiss"]
[EventRounds "7"]
[EventCountry "GER"]
[SourceTitle "EXT 2020"]
[Source "ChessBase"]
[SourceDate "2019.10.17"]
[SourceVersion "1"]
[SourceVersionDate "2019.10.17"]
[SourceQuality "1"]

1. d4 d5 2. c4 c6 3. Nc3 Nf6 4. e3 e6 5. Nf3 Nbd7 6. Qc2 Qc7 7. b3 b6 8. Bd3 Bb7 9. Bb2 Bd6 10. h3 h6 11. Rc1 Rc8 12. 0-0 e5 13. dxe5 Nxe5 14. Nxe5 Bxe5 15. Bf5 Rd8 16. cxd5 Nxd5 17. Qe4 0-0 18. Nb5 Bh2+ 19. Kh1 Qb8 20. Qg4 Be5 21. Bxe5 Qxe5 22. Nxa7 c5 23. Nb5 Nf6 24. Qf4 1/2-1/2

[Event "Hamburg CC Easter op 3rd"]
[Site "Hamburg"]
[Date "2017.04.14"]
[Round "2"]
[White "Majidi, Habibullah"]
[Black "Nyenhuis, Yannek"]
[Result "0-1"]
[WhiteElo "1536"]
[BlackElo "1637"]
[PlyCount "62"]
[EventDate "2017.04.14"]
[EventType "swiss"]
[EventRounds "7"]
[EventCountry "GER"]
[SourceTitle "EXT 2020"]
[Source "ChessBase"]
[SourceDate "2019.10.17"]
[SourceVersion "1"]
[SourceVersionDate "2019.10.17"]
[SourceQuality "1"]

1. e4 c5 2. Nf3 e6 3. Nc3 Nc6 4. Bc4 a6 5. a4 Qc7 6. 0-0 Nf6 7. d3 Be7 8. Re1 d6 9. Be3 0-0 10. d4 cxd4 11. Nxd4 Nxd4 12. Qxd4 Ng4 13. Be2 Nxe3 14. Qxe3 Bf6 15. Ra3 b6 16. b4 Bb7 17. Rc1 Rfc8 18. Na2 Bb2 19. c4 Bxa3 20. Qxa3 Bxe4 21. b5 Qc5 22. Qxc5 Rxc5 23. Nc3 Bg6 24. Bf3 Ra7 25. Be4 Rxc4 26. Bc6 axb5 27. Bxb5 Rc5 28. Rd1 Rxc3 29. Rxd6 Rc1+ 30. Bf1 h6 31. h3 Rxa4 0-1